Teoretické východiská vplyvu komunikácie a komunikačných nástrojov v procese získavania finančných prostriedkov z fondov Európskej únie vo vzťahu ku konfigurácii organizačných štruktúr v Slovenskej republike

Vplyv komunikácie v procese získavania finančných prostriedkov z fondov Európskej únie. Význam profesionálnej manažérskej komunikácie ako základného predpokladu v tejto oblasti. Komunikácia na úrovni orgánov štátnej správy a samosprávy.

Gespeichert in:
Bibliographische Detailangaben
1. Verfasser: Oravský, Pavol
Format: Buchkapitel
Sprache:Slowakisch
Schlagworte:
Tags: Tag hinzufügen
Keine Tags, Fügen Sie das erste Tag hinzu!

MARC

LEADER 00000naa$a2200000$$$4500
001 0092813
005 20240502083235.9
041 0 |a slo 
044 |a CZ 
245 1 0 |a Teoretické východiská vplyvu komunikácie a komunikačných nástrojov v procese získavania finančných prostriedkov z fondov Európskej únie vo vzťahu ku konfigurácii organizačných štruktúr v Slovenskej republike  |c Pavol Oravský 
520 |a Vplyv komunikácie v procese získavania finančných prostriedkov z fondov Európskej únie. Význam profesionálnej manažérskej komunikácie ako základného predpokladu v tejto oblasti. Komunikácia na úrovni orgánov štátnej správy a samosprávy. 
610 2 0 |a komunikácia 
610 2 0 |a správa štátna 
610 2 0 |a samospráva 
610 2 0 |a manažéri 
610 2 0 |a organizácie 
610 2 0 |a financie 
610 2 0 |a fondy finančné 
610 2 0 |a Európska únia 
100 1 |a Oravský, Pavol